00579cam a22001937a 4500020001500000020001800015040000800033082002600041245004100067250001200108260005100120300003600171650002600207650002800233650002400261650002400285700001800309856005800327 a1416029540 a9781416029540 cDLC a632 MAH 2007 A118 Or.00aBotanicals as Ecofriendly Pesticides a2nd ed. aPhiladelphia, PA :bSaunders Elsevier,cc2007. axxiv, 1238 p. :bill. ;c29 cm. 0aIntegrative medicine.12aComplementary Therapies22aPreventive Medicine22aPrimary Health Care1 aRakel, David.41uhttp://www.loc.gov/catdir/toc/ecip071/2006031591.html